00237nam a2200097 a 4500008004100000050001700041100001800058245002300076260003100099350000900130120416s1979 ||||||||||||||||| || u aPR 6052.R8T7 aBrunner, John10aTraveller in black aLondonbSevern Housec1979 a0.00